Stations du TB11 sur une carte - Statistiques

Statistiques générales
  • Ce quiz a été pris 24 fois
  • Le résultat moyen est 6 sur 17
Réponses sur la Carte
Les réponses sont colorées sur une échelle allant du rouge au vert en fonction du pourcentage des utilisateurs qui les ont devinées à leur premier essai. Vous pouvez retrouver ces pourcentages ci-dessous.
 
Statistiques - réponses
Réponse % Correct
Cordeliers
78%
Gare Saint-Paul
56%
Laurent Bonnevay
56%
Saxe - Lafayette
56%
Grandclément
44%
Halles Paul Bocuse
44%
Part-Dieu Jules Favre
44%
Blanqui - Le Rize
33%
Charmettes
33%
La Feuillée
33%
Thiers - Lafayette
33%
Bernaix
22%
Bon Coin - Médipôle
22%
Verlaine
22%
Cyprian - Léon Blum
11%
Instit. Art Contemporain
11%
Terrasses Presqu'île
11%
Aucun quiz correspondant
Distribution des résultats
% des personnes avec chaque résultat
Percentile par nombre de réponses
Votre historique - résultats
Vous n’avez pas pris ce quiz